000 00709nam a2200205Ia 4500
005 20260121110146.0
008 008 260114s9999 xx 000 0 hin d
020 _a9788132356097
037 _aEBOOK
040 _aCRL
_bhin
_cCRL
041 _ahin
_2hin
084 _qCRL
100 _aदेव कुमार / Dev Kumar
_9942770
245 0 _aहिन्दी जीवनी साहित्य: स्वरूप और विकास / Hindi Jeevani Sahitya: Swaroop aur Vikas
260 _bभाषा प्रकाशन / Bhasha Prakashan
_c2021
856 _uhttps://bhashaprakashan.com/product-details/378746
942 _cEBOOK
999 _c1534435
_d1534435